| 000 | 00472nam a2200169 a 4500 | ||
|---|---|---|---|
| 005 | 20240920064214.0 | ||
| 008 | 991125c1964 new 000 0 eng u | ||
| 035 | _aUPN01000018470 | ||
| 049 | _aCG | ||
| 050 | 4 |
_aLA210 _bH3.3 |
|
| 100 | 1 | _aHartford, Ellis Ford | |
| 245 | 1 | 0 |
_aEducation in these United States / _cEllis Ford Hartford. |
| 260 |
_aNew York : _bMacMillan, _cc1964. |
||
| 300 |
_a576 p. : _bil. |
||
| 650 | 4 |
_aEducación _zEstados Unidos _9803 |
|
| 905 | _aLibro | ||
| 999 |
_c18470 _d18470 |
||